BIBLIOGRAPHY OF DOCTORAL DISSERTATION SCIENCE AND TECHNOLOGY-2015 (Record no. 5693)

MARC details
000 -LEADER
fixed length control field 00416nam a22001457a 4500
005 - DATE AND TIME OF LATEST TRANSACTION
control field 20180529113317.0
008 - FIXED-LENGTH DATA ELEMENTS--GENERAL INFORMATION
fixed length control field 180529b xxu||||| |||| 00| 0 eng d
020 ## - INTERNATIONAL STANDARD BOOK NUMBER
ISBN 81-7520-145-2
041 ## - LANGUAGE CODE
Language code of text/sound track or separate title eng
100 ## - MAIN ENTRY--AUTHOR NAME
Personal name SINGH, YOUD VIR AND OTHERS
245 ## - TITLE STATEMENT
Title BIBLIOGRAPHY OF DOCTORAL DISSERTATION SCIENCE AND TECHNOLOGY-2015
260 ## - PUBLICATION, DISTRIBUTION, ETC. (IMPRINT)
Place of publication NEW DELHI
Name of publisher ASSOCIATION OF INDIAN UNIVERSITY
300 ## - PHYSICAL DESCRIPTION
Number of Pages 222P
942 ## - ADDED ENTRY ELEMENTS (KOHA)
Koha item type Books
Holdings
Lost status Damaged status Home library Current library Date acquired Cost, normal purchase price Accession Number Koha item type
    JRU Library   29/05/2018 420.00 22340 Books